[Event "La Pobla de Lillet op"]
[Site "La Pobla de Lillet ESP"]
[Date "2009.08.02"]
[Round "1.1"]
[White "Movsziszian, K."]
[Black "Torner Planell, Jordi"]
[Result "0-1"]
[WhiteElo "2570"]
[BlackElo "1952"]
[PlyCount "47"]
[EventDate "2009.08.02"]
[EventType "swiss"]
[EventRounds "9"]
[EventCountry "ESP"]
[SourceTitle "Ajedrez en Madrid"]
[Source "lmi"]
[SourceDate "2020.06.24"]
[SourceVersion "1"]
[SourceVersionDate "2020.06.25"]
[SourceQuality "1"]

1. g3 d5 2. Bg2 Nf6 3. Nf3 g6 4. O-O Bg7 5. d4 O-O 6. c4 c6 7. Qb3 e6 8. Nc3
Nbd7 9. Bf4 dxc4 10. Qxc4 Nb6 11. Qb3 Nbd5 12. Be5 Qe7 13. Rfe1 Rd8 14. e4 Nxc3
15. bxc3 b6 16. a4 Bd7 17. a5 b5 18. c4 a6 19. c5 Ne8 20. Bxg7 Kxg7 21. d5 cxd5
22. exd5 Qxc5 23. Ne5 Bc8 24. Nxf7 0-1

[Event "La Pobla de Lillet op"]
[Site "La Pobla de Lillet ESP"]
[Date "2009.08.02"]
[Round "1.2"]
[White "Cuartas Medina, JA."]
[Black "Garcia Castellote, D."]
[Result "0-1"]
[WhiteElo "2521"]
[BlackElo "1949"]
[PlyCount "66"]
[EventDate "2009.08.02"]
[EventType "swiss"]
[EventRounds "9"]
[EventCountry "ESP"]
[SourceTitle "Ajedrez en Madrid"]
[Source "lmi"]
[SourceDate "2020.06.24"]
[SourceVersion "1"]
[SourceVersionDate "2020.06.25"]
[SourceQuality "1"]

1. e4 c5 2. d4 cxd4 3. c3 dxc3 4. Nxc3 e6 5. Nf3 Nc6 6. Bf4 Bb4 7. e5 Nge7 8.
Bd3 d5 9. O-O Ng6 10. Bg3 a6 11. Rc1 Bd7 12. h4 h6 13. Bxg6 fxg6 14. Qd3 Ne7
15. Ne2 Bb5 16. Qd1 Bxe2 17. Qxe2 Nf5 18. Qd3 Qb6 19. Bf4 O-O 20. Bd2 Bxd2 21.
Qxd2 Rf7 22. Rc2 Raf8 23. Rfc1 Kh7 24. Rc5 Ne7 25. Ne1 Rxf2 26. Qxf2 Rxf2 27.
Kxf2 Qxb2+ 28. R5c2 Qd4+ 29. Kf1 Nf5 30. Rc3 Ng3+ 31. Rxg3 Qf4+ 32. Rf3 Qxc1
33. g3 Qa1 0-1

[Event "La Pobla de Lillet op"]
[Site "La Pobla de Lillet ESP"]
[Date "2009.08.02"]
[Round "1.3"]
[White "Barsov, A."]
[Black "Simon Olle, J."]
[Result "1-0"]
[WhiteElo "2511"]
[BlackElo "1945"]
[PlyCount "61"]
[EventDate "2009.08.02"]
[EventType "swiss"]
[EventRounds "9"]
[EventCountry "ESP"]
[SourceTitle "Ajedrez en Madrid"]
[Source "lmi"]
[SourceDate "2020.06.24"]
[SourceVersion "1"]
[SourceVersionDate "2020.06.25"]
[SourceQuality "1"]

1. d4 d5 2. c4 e6 3. Nc3 Nf6 4. cxd5 exd5 5. Bg5 Be7 6. e3 O-O 7. Bd3 h6 8. Bh4
c6 9. Nge2 Bg4 10. f3 Be6 11. O-O Nh7 12. Bf2 Nd7 13. Kh1 Qc7 14. Qc2 Nhf6 15.
e4 dxe4 16. fxe4 Ng4 17. Bg1 Ngf6 18. Nf4 Rad8 19. e5 Nxe5 20. dxe5 Qxe5 21.
Rae1 Qd6 22. Nxe6 fxe6 23. Bc4 Nd5 24. Qg6 Rxf1 25. Bxf1 Nf4 26. Qe4 Bf6 27.
Bxa7 Bxc3 28. bxc3 Qd2 29. Bd4 Rf8 30. g3 Nd5 31. Qxe6+ 1-0

[Event "La Pobla de Lillet op"]
[Site "La Pobla de Lillet ESP"]
[Date "2009.08.02"]
[Round "1.4"]
[White "Douriet Duany, A."]
[Black "Martinez Duany, LS."]
[Result "0-1"]
[WhiteElo "2306"]
[BlackElo "2507"]
[PlyCount "94"]
[EventDate "2009.08.02"]
[EventType "swiss"]
[EventRounds "9"]
[EventCountry "ESP"]
[SourceTitle "Ajedrez en Madrid"]
[Source "lmi"]
[SourceDate "2020.06.24"]
[SourceVersion "1"]
[SourceVersionDate "2020.06.25"]
[SourceQuality "1"]

1. d4 Nf6 2. Nf3 e6 3. Bg5 c5 4. e3 b6 5. Nbd2 Bb7 6. Bd3 h6 7. Bxf6 Qxf6 8. c3
Nc6 9. Ne4 Qd8 10. O-O Be7 11. Ng3 O-O 12. Qe2 d5 13. Rad1 Re8 14. Ne5 Nxe5 15.
dxe5 Bf8 16. f4 Qh4 17. f5 Qg5 18. Rf4 d4 19. Be4 Rab8 20. Qf3 Ba6 21. h4 Qd8
22. f6 Qc7 23. fxg7 Bxg7 24. cxd4 cxd4 25. exd4 Bb7 26. Bxb7 Qxb7 27. Qxb7 Rxb7
28. Ne4 Rd8 29. Nd6 Rc7 30. Rd2 h5 31. Rdf2 Rdd7 32. R4f3 Rc1+ 33. Kh2 Rd1 34.
Rxf7 Rxf7 35. Nxf7 Rxd4 36. Kg3 Rd3+ 37. Kf4 Rd7 38. Nd6 Bh6+ 39. Ke4 Rg7 40.
Rc2 Rg4+ 41. Kf3 Bg7 42. Re2 Rxh4 43. Kg3 Ra4 44. a3 Kh7 45. Re4 Rxe4 46. Nxe4
Bxe5+ 47. Kf3 Bxb2 0-1

[Event "La Pobla de Lillet op"]
[Site "La Pobla de Lillet ESP"]
[Date "2009.08.02"]
[Round "1.5"]
[White "Tardio Fran, E."]
[Black "Granero Roca, A."]
[Result "0-1"]
[WhiteElo "1944"]
[BlackElo "2433"]
[PlyCount "80"]
[EventDate "2009.08.02"]
[EventType "swiss"]
[EventRounds "9"]
[EventCountry "ESP"]
[SourceTitle "Ajedrez en Madrid"]
[Source "lmi"]
[SourceDate "2020.06.24"]
[SourceVersion "1"]
[SourceVersionDate "2020.06.25"]
[SourceQuality "1"]

1. e4 c6 2. d4 d5 3. e5 c5 4. c3 Nc6 5. f4 Bf5 6. Nf3 e6 7. Bd3 Nh6 8. O-O Qb6
9. dxc5 Bxc5+ 10. Kh1 O-O 11. Qe2 a5 12. Nbd2 a4 13. Nh4 Bxd3 14. Qxd3 Ng4 15.
Qe2 Nf2+ 16. Kg1 Nd3+ 17. Kh1 Qa6 18. c4 dxc4 19. Ne4 Be7 20. Nf3 a3 21. bxa3
Rad8 22. Be3 Qxa3 23. Bc1 Nxc1 24. Raxc1 b5 25. f5 exf5 26. Ng3 Qd3 27. Qe1 f4
28. Rc3 Qg6 29. Ne2 Bb4 30. Nxf4 Qh6 31. g3 Nd4 32. Qc1 Bxc3 33. Qxc3 Qc6 34.
Kg2 Nxf3 35. Rxf3 g5 36. Nh5 Rd3 37. Nf6+ Kg7 38. Qb4 Qxf3+ 39. Kh3 Qf5+ 40.
Ng4 Qf1# 0-1

[Event "La Pobla de Lillet op"]
[Site "La Pobla de Lillet ESP"]
[Date "2009.08.02"]
[Round "1.6"]
[White "Guerra Bastida, D."]
[Black "Marca Esturnell, JM."]
[Result "1-0"]
[WhiteElo "2419"]
[BlackElo "1943"]
[PlyCount "35"]
[EventDate "2009.08.02"]
[EventType "swiss"]
[EventRounds "9"]
[EventCountry "ESP"]
[SourceTitle "Ajedrez en Madrid"]
[Source "lmi"]
[SourceDate "2020.06.24"]
[SourceVersion "1"]
[SourceVersionDate "2020.06.25"]
[SourceQuality "1"]

1. e4 e6 2. d4 d5 3. Nc3 dxe4 4. Nxe4 Nd7 5. g3 Ngf6 6. Nxf6+ Nxf6 7. Bg2 Be7
8. Nf3 Rb8 9. O-O O-O 10. c4 c5 11. Bf4 Bd6 12. dxc5 Bxf4 13. Qxd8 Rxd8 14.
gxf4 Nh5 15. Rfd1 Bd7 16. Ne5 Be8 17. Rxd8 Rxd8 18. Bxb7 1-0

[Event "La Pobla de Lillet op"]
[Site "La Pobla de Lillet ESP"]
[Date "2009.08.02"]
[Round "1.7"]
[White "Flores Vallcorba, J."]
[Black "Matnadze, A."]
[Result "0-1"]
[WhiteElo "1909"]
[BlackElo "2413"]
[PlyCount "46"]
[EventDate "2009.08.02"]
[EventType "swiss"]
[EventRounds "9"]
[EventCountry "ESP"]
[SourceTitle "Ajedrez en Madrid"]
[Source "lmi"]
[SourceDate "2020.06.24"]
[SourceVersion "1"]
[SourceVersionDate "2020.06.25"]
[SourceQuality "1"]

1. e4 c5 2. Nf3 d6 3. h3 Nc6 4. d4 cxd4 5. Nxd4 Nf6 6. Nxc6 bxc6 7. Bd3 g6 8.
O-O Bg7 9. Nc3 O-O 10. Be3 Qa5 11. Qd2 Rd8 12. Ne2 Qc7 13. f4 Rb8 14. c3 c5 15.
Rab1 Bb7 16. c4 Nxe4 17. Qc2 f5 18. b4 cxb4 19. Rxb4 Nc5 20. Nd4 a6 21. Rfb1 e5
22. Nb3 Nxd3 23. Qxd3 Be4 0-1

[Event "La Pobla de Lillet op"]
[Site "La Pobla de Lillet ESP"]
[Date "2009.08.02"]
[Round "1.8"]
[White "Oms Fuentes, L."]
[Black "Blanch Plana, A."]
[Result "1-0"]
[WhiteElo "2351"]
[BlackElo "1888"]
[PlyCount "81"]
[EventDate "2009.08.02"]
[EventType "swiss"]
[EventRounds "9"]
[EventCountry "ESP"]
[SourceTitle "Ajedrez en Madrid"]
[Source "lmi"]
[SourceDate "2020.06.24"]
[SourceVersion "1"]
[SourceVersionDate "2020.06.25"]
[SourceQuality "1"]

1. e4 c5 2. Nf3 d6 3. b3 Nf6 4. Qe2 e5 5. Bb2 Be7 6. g3 Nc6 7. Bg2 Bg4 8. c3
Qd7 9. h3 Bh5 10. d3 h6 11. Nbd2 Nh7 12. Nc4 Ng5 13. Ne3 Nxf3+ 14. Bxf3 Bxf3
15. Qxf3 Qe6 16. h4 O-O-O 17. Nd5 Bf8 18. b4 Ne7 19. c4 Nxd5 20. cxd5 Qd7 21.
bxc5 dxc5 22. Bxe5 Re8 23. Bc3 Qxd5 24. O-O Qe6 25. Rab1 Re7 26. Rb5 Rc7 27.
Rfb1 b6 28. a4 Rc6 29. a5 Be7 30. d4 cxd4 31. Bxd4 Bd8 32. e5 h5 33. axb6 axb6
34. Ra1 Rh6 35. Ra8+ Kc7 36. Ra7+ Kb8 37. Qxf7 Rc1+ 38. Kh2 Qc6 39. Rd5 Bc7 40.
Rxc7 Qxc7 41. Rd7 1-0

[Event "La Pobla de Lillet op"]
[Site "La Pobla de Lillet ESP"]
[Date "2009.08.02"]
[Round "1.9"]
[White "Escofet Llongueras, J."]
[Black "Guramishvili, S."]
[Result "0-1"]
[WhiteElo "1875"]
[BlackElo "2339"]
[PlyCount "58"]
[EventDate "2009.08.02"]
[EventType "swiss"]
[EventRounds "9"]
[EventCountry "ESP"]
[SourceTitle "Ajedrez en Madrid"]
[Source "lmi"]
[SourceDate "2020.06.24"]
[SourceVersion "1"]
[SourceVersionDate "2020.06.25"]
[SourceQuality "1"]

1. c4 Nf6 2. Nc3 e5 3. g3 Nc6 4. Bg2 Bc5 5. e3 d5 6. cxd5 Nb4 7. d4 exd4 8.
exd4 Be7 9. a3 Nbxd5 10. Nge2 O-O 11. O-O Be6 12. Nf4 Nxf4 13. Bxf4 c6 14. Qd2
Qd7 15. Rfe1 Rfd8 16. b4 Qxd4 17. Qxd4 Rxd4 18. Rad1 Rad8 19. Rxd4 Rxd4 20. Be5
Rd3 21. Bf1 Rd7 22. Bf4 h6 23. h4 a6 24. Rd1 Rxd1 25. Nxd1 Nd5 26. Bd2 Bf6 27.
Ne3 Nb6 28. Bd3 Bb2 29. Nc2 Bb3 0-1

[Event "La Pobla de Lillet op"]
[Site "La Pobla de Lillet ESP"]
[Date "2009.08.02"]
[Round "1.10"]
[White "Ayza Ballester, J."]
[Black "Ayza Casamitjana, A."]
[Result "1-0"]
[WhiteElo "2294"]
[BlackElo "1872"]
[PlyCount "77"]
[EventDate "2009.08.02"]
[EventType "swiss"]
[EventRounds "9"]
[EventCountry "ESP"]
[SourceTitle "Ajedrez en Madrid"]
[Source "lmi"]
[SourceDate "2020.06.24"]
[SourceVersion "1"]
[SourceVersionDate "2020.06.25"]
[SourceQuality "1"]

1. e4 c5 2. Nf3 d6 3. Nc3 Nc6 4. d4 cxd4 5. Nxd4 Nf6 6. Nxc6 bxc6 7. Bd3 d5 8.
Qe2 d4 9. Nb1 e5 10. Nd2 Bb4 11. O-O Bxd2 12. Bxd2 O-O 13. Bg5 h6 14. Bh4 Qd6
15. h3 Nd7 16. Rfd1 Nb6 17. Bg3 Re8 18. b3 a5 19. a4 Be6 20. f4 f6 21. fxe5
fxe5 22. Rf1 Rf8 23. Rxf8+ Rxf8 24. Rf1 Nd7 25. Rxf8+ Kxf8 26. Qd2 Qc5 27. Be1
Kf7 28. Kf1 Qe7 29. Qf2+ Qf6 30. Bxa5 Nc5 31. Qxf6+ Kxf6 32. Bd8+ Kf7 33. Ke2
Bc8 34. Bc4+ Ke8 35. Bc7 Nxe4 36. Bxe5 Nc3+ 37. Kf1 c5 38. Bxg7 Bf5 39. Bd3 1-0

[Event "La Pobla de Lillet op"]
[Site "La Pobla de Lillet ESP"]
[Date "2009.08.02"]
[Round "1.16"]
[White "Lucas Ara, A."]
[Black "Capellades Subirana, M."]
[Result "0-1"]
[WhiteElo "1791"]
[BlackElo "2210"]
[PlyCount "52"]
[EventDate "2009.08.02"]
[EventType "swiss"]
[EventRounds "9"]
[EventCountry "ESP"]
[SourceTitle "Ajedrez en Madrid"]
[Source "lmi"]
[SourceDate "2020.06.24"]
[SourceVersion "1"]
[SourceVersionDate "2020.06.25"]
[SourceQuality "1"]

1. e4 e5 2. f4 exf4 3. Nf3 g5 4. Bc4 d6 5. O-O Be6 6. Bxe6 fxe6 7. Nd4 Qf6 8.
Qh5+ Kd7 9. Ne2 Nc6 10. c3 Qh6 11. Qxh6 Nxh6 12. d4 e5 13. d5 Ne7 14. Nd2 g4
15. h3 gxh3 16. gxh3 Ng6 17. Nf3 Be7 18. Kh2 Nh4 19. Neg1 Rhg8 20. Nxh4 Bxh4
21. Nf3 Bg3+ 22. Kh1 Nf7 23. Bd2 Ng5 24. Nxg5 Rxg5 25. Be1 Bxe1 26. Raxe1 Rg3
0-1

[Event "La Pobla de Lillet op"]
[Site "La Pobla de Lillet ESP"]
[Date "2009.08.02"]
[Round "1.25"]
[White "Febrero Perez, L."]
[Black "Garcia Galeote, L."]
[Result "0-1"]
[WhiteElo "1661"]
[BlackElo "2082"]
[PlyCount "60"]
[EventDate "2009.08.02"]
[EventType "swiss"]
[EventRounds "9"]
[EventCountry "ESP"]
[SourceTitle "Ajedrez en Madrid"]
[Source "lmi"]
[SourceDate "2020.06.24"]
[SourceVersion "1"]
[SourceVersionDate "2020.06.25"]
[SourceQuality "1"]

1. e4 Nc6 2. Nf3 d6 3. d4 Nf6 4. d5 Nb8 5. Bd3 g6 6. c4 Bg7 7. Nc3 O-O 8. O-O
c5 9. Rb1 Ng4 10. Ne2 Nd7 11. Bc2 b5 12. cxb5 a6 13. a4 Rb8 14. h3 Nge5 15.
Nxe5 Nxe5 16. f4 Nd7 17. bxa6 Bxa6 18. b3 Qc7 19. Rf3 Rb7 20. Bb2 Bxb2 21. Rxb2
Rfb8 22. Qd2 Bxe2 23. Qxe2 Rb4 24. Bd3 Rxb3 25. Rxb3 Rxb3 26. Bb5 Rb4 27. Qc2
Nf6 28. Re3 Qa5 29. Bc6 Rd4 30. Kf2 Rd2+ 0-1

[Event "La Pobla de Lillet op"]
[Site "La Pobla de Lillet ESP"]
[Date "2009.08.03"]
[Round "2.1"]
[White "Campos Olaya, I."]
[Black "Movsziszian, K."]
[Result "0-1"]
[WhiteElo "2148"]
[BlackElo "2570"]
[PlyCount "46"]
[EventDate "2009.08.02"]
[EventType "swiss"]
[EventRounds "9"]
[EventCountry "ESP"]
[SourceTitle "Ajedrez en Madrid"]
[Source "lmi"]
[SourceDate "2020.06.24"]
[SourceVersion "1"]
[SourceVersionDate "2020.06.25"]
[SourceQuality "1"]

1. c4 g6 2. Nf3 Bg7 3. Nc3 d6 4. d3 e5 5. g3 f5 6. Bg5 Qd7 7. Bg2 h6 8. Bd2 g5
9. h3 Nc6 10. Qa4 Nge7 11. Ng1 O-O 12. e3 a6 13. Nge2 Rb8 14. f4 Qd8 15. h4
gxf4 16. exf4 Bd7 17. Qb3 Kh8 18. Nd5 b5 19. Nxe7 Nxe7 20. Bc3 bxc4 21. Qxc4
Bb5 22. Qe6 Rf6 23. Qb3 Bc6 0-1

[Event "La Pobla de Lillet op"]
[Site "La Pobla de Lillet ESP"]
[Date "2009.08.03"]
[Round "2.2"]
[White "Cuartas Medina, JA."]
[Black "Gallart Zafra, J."]
[Result "1-0"]
[WhiteElo "2559"]
[BlackElo "2161"]
[PlyCount "61"]
[EventDate "2009.08.02"]
[EventType "swiss"]
[EventRounds "9"]
[EventCountry "ESP"]
[SourceTitle "Ajedrez en Madrid"]
[Source "lmi"]
[SourceDate "2020.06.24"]
[SourceVersion "1"]
[SourceVersionDate "2020.06.25"]
[SourceQuality "1"]

1. e4 e5 2. Nf3 Nc6 3. Bb5 a6 4. Ba4 Nf6 5. O-O b5 6. Bb3 Bc5 7. c3 d6 8. d4
Bb6 9. h3 Bb7 10. Re1 Qd7 11. a4 O-O-O 12. axb5 axb5 13. Na3 h6 14. Nxb5 g5 15.
d5 g4 16. dxc6 Bxc6 17. Na7+ Bxa7 18. Rxa7 gxf3 19. Qxf3 Nxe4 20. Rxe4 f5 21.
Ba4 fxe4 22. Qe2 Rdg8 23. Qa6+ Kd8 24. Qxc6 Qxc6 25. Bxc6 Ke7 26. Rxc7+ Ke6 27.
c4 Kf6 28. Bd5 Rg7 29. Rxg7 Kxg7 30. b4 Rb8 31. b5 1-0

[Event "La Pobla de Lillet op"]
[Site "La Pobla de Lillet ESP"]
[Date "2009.08.03"]
[Round "2.3"]
[White "Garcia Galeote, L."]
[Black "Barsov, A."]
[Result "0-1"]
[WhiteElo "2081"]
[BlackElo "2511"]
[PlyCount "42"]
[EventDate "2009.08.02"]
[EventType "swiss"]
[EventRounds "9"]
[EventCountry "ESP"]
[SourceTitle "Ajedrez en Madrid"]
[Source "lmi"]
[SourceDate "2020.06.24"]
[SourceVersion "1"]
[SourceVersionDate "2020.06.25"]
[SourceQuality "1"]

1. d4 Nf6 2. c4 e6 3. Nc3 Bb4 4. a3 Bxc3+ 5. bxc3 b6 6. e3 Bb7 7. f3 Nc6 8. Bd3
Ba6 9. e4 Na5 10. Qe2 c5 11. e5 Ng8 12. Be3 Rc8 13. dxc5 Nb3 14. cxb6 Nxa1 15.
Qb2 axb6 16. Qxa1 Bxc4 17. Be4 f5 18. Bc2 Ne7 19. Ne2 Nd5 20. Bd2 Qh4+ 21. g3
Qh3 0-1

[Event "La Pobla de Lillet op"]
[Site "La Pobla de Lillet ESP"]
[Date "2009.08.03"]
[Round "2.4"]
[White "Martinez Duany, LS."]
[Black "Blanco Sanchez, JF."]
[Result "1-0"]
[WhiteElo "2507"]
[BlackElo "2125"]
[PlyCount "73"]
[EventDate "2009.08.02"]
[EventType "swiss"]
[EventRounds "9"]
[EventCountry "ESP"]
[SourceTitle "Ajedrez en Madrid"]
[Source "lmi"]
[SourceDate "2020.06.24"]
[SourceVersion "1"]
[SourceVersionDate "2020.06.25"]
[SourceQuality "1"]

1. e4 e5 2. Nf3 Nc6 3. Bc4 Nf6 4. d3 Be7 5. O-O d6 6. c3 O-O 7. Re1 h6 8. Nbd2
Nh7 9. Nf1 Ng5 10. Ne3 Nxf3+ 11. Qxf3 Bg5 12. Bd2 Kh8 13. Rad1 Ne7 14. d4 Ng6
15. g3 c6 16. Qh5 Qf6 17. h4 Bxh4 18. Nf5 Bg5 19. Bxg5 Qxg5 20. Qxg5 hxg5 21.
Nxd6 Kg8 22. Kg2 Bg4 23. Rd2 b5 24. Bb3 Rad8 25. Nb7 Rd7 26. Nc5 Rdd8 27. d5
Rfe8 28. a4 Nf8 29. axb5 cxb5 30. Ra1 Rc8 31. Nd3 Rc7 32. d6 Rcc8 33. Rxa7 Be6
34. Bxe6 Rxe6 35. d7 Rd8 36. Nc5 Rb6 37. Rc7 1-0

[Event "La Pobla de Lillet op"]
[Site "La Pobla de Lillet ESP"]
[Date "2009.08.03"]
[Round "2.5"]
[White "Granero Roca, A."]
[Black "Torner Planell, Josep R"]
[Result "1-0"]
[WhiteElo "2433"]
[BlackElo "2100"]
[PlyCount "65"]
[EventDate "2009.08.02"]
[EventType "swiss"]
[EventRounds "9"]
[EventCountry "ESP"]
[SourceTitle "Ajedrez en Madrid"]
[Source "lmi"]
[SourceDate "2020.06.24"]
[SourceVersion "1"]
[SourceVersionDate "2020.06.25"]
[SourceQuality "1"]

1. Nf3 d5 2. c4 c6 3. e3 Nf6 4. Qc2 Nbd7 5. d4 e6 6. Nc3 Bd6 7. g4 h6 8. h3 b6
9. Bd2 Bb7 10. cxd5 exd5 11. Bd3 Rc8 12. Nh4 Bf8 13. Nf5 g6 14. Ng3 Bd6 15. f4
Qe7 16. O-O-O c5 17. Kb1 c4 18. Be2 Kd8 19. h4 a6 20. h5 Ne4 21. Ncxe4 dxe4 22.
Bc3 Bd5 23. Qa4 Ra8 24. hxg6 fxg6 25. Bxc4 b5 26. Qa5+ Bc7 27. Bxd5 Bxa5 28.
Bxa5+ Ke8 29. Bxa8 Kf7 30. Bd5+ Kg7 31. Bc6 Nf6 32. d5 Qc5 33. Bc3 1-0

[Event "La Pobla de Lillet op"]
[Site "La Pobla de Lillet ESP"]
[Date "2009.08.03"]
[Round "2.6"]
[White "Sanchez Vicens, J."]
[Black "Guerra Bastida, D."]
[Result "0-1"]
[WhiteElo "2076"]
[BlackElo "2419"]
[PlyCount "66"]
[EventDate "2009.08.02"]
[EventType "swiss"]
[EventRounds "9"]
[EventCountry "ESP"]
[SourceTitle "Ajedrez en Madrid"]
[Source "lmi"]
[SourceDate "2020.06.24"]
[SourceVersion "1"]
[SourceVersionDate "2020.06.25"]
[SourceQuality "1"]

1. c4 f5 2. Nc3 Nf6 3. g3 e5 4. Bg2 Nc6 5. d3 Be7 6. e4 fxe4 7. dxe4 O-O 8.
Nge2 Kh8 9. O-O Ng4 10. Be3 Nxe3 11. fxe3 Rxf1+ 12. Qxf1 Nb4 13. Nd5 c6 14. a3
Na6 15. Nxe7 Qxe7 16. b4 d6 17. Kh1 Bg4 18. Ng1 Rf8 19. Bf3 Be6 20. Qe2 Nb8 21.
Kg2 Nd7 22. Bg4 Bxg4 23. Qxg4 Qf7 24. Qe2 Qg6 25. Qd3 Nf6 26. Rf1 Rd8 27. Rf5
Qf7 28. Rxe5 Qd7 29. Rf5 Re8 30. e5 Ng4 31. Rh5 h6 32. Nf3 Qf7 33. Rf5 Qxf5 0-1

[Event "La Pobla de Lillet op"]
[Site "La Pobla de Lillet ESP"]
[Date "2009.08.03"]
[Round "2.7"]
[White "Matnadze, A."]
[Black "Companyo Pagerols, JM."]
[Result "1-0"]
[WhiteElo "2413"]
[BlackElo "2079"]
[PlyCount "73"]
[EventDate "2009.08.02"]
[EventType "swiss"]
[EventRounds "9"]
[EventCountry "ESP"]
[SourceTitle "Ajedrez en Madrid"]
[Source "lmi"]
[SourceDate "2020.06.24"]
[SourceVersion "1"]
[SourceVersionDate "2020.06.25"]
[SourceQuality "1"]

1. d4 e6 2. c4 b6 3. Nc3 Bb7 4. e4 Bb4 5. Bd3 f5 6. Qe2 Nf6 7. Bg5 fxe4 8. Bxe4
Bxe4 9. Bxf6 Qxf6 10. Qxe4 O-O 11. Nf3 Bxc3+ 12. bxc3 Nc6 13. O-O Na5 14. Qe2
d6 15. Rab1 Qf5 16. Rb5 Qg6 17. Rg5 Qh6 18. Rg3 Rae8 19. Ng5 e5 20. Qe4 Rf4 21.
Qd5+ Kf8 22. Rg4 Rf5 23. f4 Qg6 24. dxe5 h6 25. Qe4 dxe5 26. c5 Kg8 27. fxe5
Rexe5 28. Qa8+ Re8 29. Nf3 Rxa8 30. Rxg6 Rxc5 31. Nd4 Re8 32. Nf5 Kh8 33. Nxg7
Re2 34. Ne6 Rxe6 35. Rxe6 Rxc3 36. Rf7 Kg8 37. Rd7 1-0

[Event "La Pobla de Lillet op"]
[Site "La Pobla de Lillet ESP"]
[Date "2009.08.03"]
[Round "2.8"]
[White "Prats Rodriguez, JB."]
[Black "Oms Fuentes, L."]
[Result "0-1"]
[WhiteElo "2074"]
[BlackElo "2351"]
[PlyCount "70"]
[EventDate "2009.08.02"]
[EventType "swiss"]
[EventRounds "9"]
[EventCountry "ESP"]
[SourceTitle "Ajedrez en Madrid"]
[Source "lmi"]
[SourceDate "2020.06.24"]
[SourceVersion "1"]
[SourceVersionDate "2020.06.25"]
[SourceQuality "1"]

1. e4 e6 2. d3 d5 3. Qe2 Nf6 4. Nf3 c5 5. g3 Nc6 6. Bg2 Be7 7. O-O O-O 8. e5
Nd7 9. h4 Qc7 10. Re1 b5 11. Nbd2 Ba6 12. Nf1 Rac8 13. Bf4 Nd4 14. Nxd4 cxd4
15. Rec1 Nc5 16. Nh2 b4 17. Ng4 Qd7 18. Bg5 f6 19. exf6 gxf6 20. Bh6 Rf7 21.
Bh3 Kh8 22. Nh2 Bd6 23. Nf3 Rg8 24. h5 Qc7 25. Nxd4 Re7 26. Kh1 Be5 27. Qe3 Qb6
28. Rg1 Nxd3 29. c3 Nxb2 30. f4 Nc4 31. Qf2 Bxd4 32. cxd4 Nd6 33. f5 e5 34. Be3
Ne4 35. Qf3 exd4 0-1

[Event "La Pobla de Lillet op"]
[Site "La Pobla de Lillet ESP"]
[Date "2009.08.03"]
[Round "2.9"]
[White "Guramishvili, S."]
[Black "Miralles Brugues, R."]
[Result "1/2-1/2"]
[WhiteElo "2339"]
[BlackElo "2076"]
[PlyCount "26"]
[EventDate "2009.08.02"]
[EventType "swiss"]
[EventRounds "9"]
[EventCountry "ESP"]
[SourceTitle "Ajedrez en Madrid"]
[Source "lmi"]
[SourceDate "2020.06.24"]
[SourceVersion "1"]
[SourceVersionDate "2020.06.25"]
[SourceQuality "1"]

1. Nf3 c6 2. g3 d5 3. Bg2 Nf6 4. O-O g6 5. d4 Bg7 6. c4 O-O 7. Nc3 dxc4 8. Ne5
Ng4 9. Nxg4 Bxg4 10. h3 Be6 11. e3 f5 12. Qe2 Bd5 13. f3 Qc7 1/2-1/2

[Event "La Pobla de Lillet op"]
[Site "La Pobla de Lillet ESP"]
[Date "2009.08.03"]
[Round "2.10"]
[White "Viñals Rioja, J."]
[Black "Ayza Ballester, J."]
[Result "0-1"]
[WhiteElo "2012"]
[BlackElo "2294"]
[PlyCount "110"]
[EventDate "2009.08.02"]
[EventType "swiss"]
[EventRounds "9"]
[EventCountry "ESP"]
[SourceTitle "Ajedrez en Madrid"]
[Source "lmi"]
[SourceDate "2020.06.24"]
[SourceVersion "1"]
[SourceVersionDate "2020.06.25"]
[SourceQuality "1"]

1. e4 c5 2. c3 d5 3. exd5 Qxd5 4. d4 Nf6 5. Nf3 Nc6 6. Be2 e6 7. O-O cxd4 8.
cxd4 Be7 9. Nc3 Qd8 10. h3 O-O 11. Be3 Nd5 12. Qb3 Na5 13. Qc2 Nxc3 14. Qxc3
Nc6 15. Ne5 Nb4 16. Bf3 Nd5 17. Qb3 a5 18. Bxd5 a4 19. Qc2 Qxd5 20. b3 a3 21.
Qc4 Qa5 22. Rfd1 Rd8 23. Rd3 f6 24. Nf3 Bd7 25. Bd2 Qf5 26. Re3 Rac8 27. Qe2
Rc2 28. Qe1 Rdc8 29. Bb4 Bxb4 30. Qxb4 Bc6 31. Rc3 Rxa2 32. Rac1 Ra8 33. Qe7
Re8 34. Qb4 Qf4 35. Qc5 Qe4 36. Re1 Qd5 37. Qa7 Qd6 38. Rce3 Bd5 39. Qa4 Qc6
40. Qb4 Ra8 41. Rc3 Qe8 42. Rc7 Qf8 43. Qc3 Qd8 44. Rc5 Rb2 45. Rb5 Rc8 46. Qa5
Qxa5 47. Rxa5 Rxb3 48. Ra1 Bxf3 49. gxf3 Rcc3 50. d5 exd5 51. Rxd5 b5 52. Rd7
Rc8 53. Re1 a2 54. Ra7 Rb1 55. Kf1 Rcc1 0-1

[Event "La Pobla de Lillet op"]
[Site "La Pobla de Lillet ESP"]
[Date "2009.08.03"]
[Round "2.16"]
[White "Capellades Subirana, M."]
[Black "Nogue Fajula, J."]
[Result "1-0"]
[WhiteElo "2210"]
[BlackElo "1970"]
[PlyCount "59"]
[EventDate "2009.08.02"]
[EventType "swiss"]
[EventRounds "9"]
[EventCountry "ESP"]
[SourceTitle "Ajedrez en Madrid"]
[Source "lmi"]
[SourceDate "2020.06.24"]
[SourceVersion "1"]
[SourceVersionDate "2020.06.25"]
[SourceQuality "1"]

1. e4 d5 2. exd5 Qxd5 3. Nc3 Qd8 4. Bc4 Nf6 5. Nf3 c6 6. O-O Bf5 7. Re1 e6 8.
d4 Be7 9. Ne5 Nbd7 10. Qe2 Nxe5 11. dxe5 Nd7 12. Bf4 Bb4 13. Bb3 Qc7 14. Qc4
Qa5 15. a3 Bxc3 16. bxc3 O-O 17. h3 Qc7 18. g4 Bg6 19. Bg3 Nb6 20. Qc5 Rad8 21.
Bh4 Rd7 22. c4 h6 23. Rad1 Nc8 24. c3 b6 25. Qe3 Re8 26. Rxd7 Qxd7 27. Rd1 Qc7
28. Qd4 Kf8 29. Qd7 Qxe5 30. Qxe8+ 1-0